Exegetic Homilies /
| Call Number: | Libro Electrónico |
|---|---|
| Main Author: | |
| Corporate Author: | |
| Other Authors: | |
| Format: | Electronic eBook |
| Language: | Inglés Griego |
| Published: |
Washington,
Catholic University of America Press
[1963]
|
| Series: | Fathers of the church ;
v. 46. Book collections on Project MUSE. |
| Subjects: | |
| Online Access: | Texto completo |
MARC
| LEADER | 00000cam a22000004a 4500 | ||
|---|---|---|---|
| 001 | musev2_20873 | ||
| 003 | MdBmJHUP | ||
| 005 | 20230905042229.0 | ||
| 006 | m o d | ||
| 007 | cr||||||||nn|n | ||
| 008 | 880825s1963 dcu o 00 0 eng d | ||
| 020 | |a 9780813211466 | ||
| 020 | |z 9780813213590 | ||
| 020 | |z 9780813200460 | ||
| 035 | |a (OCoLC)647919819 | ||
| 040 | |a MdBmJHUP |c MdBmJHUP | ||
| 041 | 1 | |a eng |h gre | |
| 050 | 0 | 4 | |a BR60.F3 |b B26 |
| 100 | 0 | |a Basil, |c Saint, Bishop of Caesarea, |d ca. 329-379. | |
| 245 | 1 | 0 | |a Exegetic Homilies / |c Translated by Agnes Clare Way. |
| 264 | 1 | |a Washington, |b Catholic University of America Press |c [1963] | |
| 264 | 3 | |a Baltimore, Md. : |b Project MUSE, |c 2013 | |
| 264 | 4 | |c ©[1963] | |
| 300 | |a 1 online resource (394 pages). | ||
| 336 | |a text |b txt |2 rdacontent | ||
| 337 | |a computer |b c |2 rdamedia | ||
| 338 | |a online resource |b cr |2 rdacarrier | ||
| 490 | 0 | |a Fathers of the Church, a new translation ; |v v. 46. | |
| 500 | |a Includes index. | ||
| 504 | |a Bibliography: p. xv-xvi. | ||
| 588 | |a Description based on print version record. | ||
| 630 | 0 | 0 | |a Bible. |p O.T. |p Psalms |x Sermons. |
| 630 | 0 | 0 | |a Bible. |p O.T. |p Genesis I-II, 3 |x Sermons. |
| 650 | 0 | |a Sermons, English |x Translations from Greek. | |
| 650 | 0 | |a Sermons, Greek |x Translations into English. | |
| 655 | 7 | |a Electronic books. |2 local | |
| 700 | 1 | |a Way, Agnes Clare. | |
| 710 | 2 | |a Project Muse. | |
| 710 | 2 | |a Project Muse. |e distributor | |
| 830 | 0 | |a Fathers of the church ; |v v. 46. | |
| 830 | 0 | |a Book collections on Project MUSE. | |
| 856 | 4 | 0 | |z Texto completo |u https://projectmuse.uam.elogim.com/book/20873/ |
| 945 | |a Project MUSE - Custom Collection | ||
| 945 | |a Project MUSE - Archive Complete Supplement | ||
| 945 | |a Project MUSE - Archive Philosophy and Religion Supplement | ||


